| 000 | 00438nam a2200169Ia 4500 | ||
|---|---|---|---|
| 005 | 20250508155922.0 | ||
| 008 | 008 250505s9999 xx 000 0 eng d | ||
| 037 | _aBooks to be hide in OPAC | ||
| 040 |
_aFEDL _beng _cFEDL |
||
| 041 |
_aeng _2eng |
||
| 084 |
_a378.547, LAH _qFEDL |
||
| 245 | 0 | _aAitchison college, Lahore | |
| 260 | _c1886 | ||
| 300 | _a46p. | ||
| 942 |
_cHB _h378.547, LAH |
||
| 999 |
_c1360088 _d1360088 |
||